Science Quiz

Random Science or Biology Quiz
Score 0/16 Timer 05:00
1 Play Today
% Correct
Pineapple
99.6%
Peanut
83.5%
Almond
77.2%
Brussels Sprout
70.1%
Cinnamon
62.2%
Mango
60.2%
Banana
52%
Saffron
50.6%
% Correct
Cashew
39%
Coffee
37.8%
Vanilla
36.4%
Cocoa bean
34.1%
Kiwifruit
29.2%
Black Pepper
22.6%
Pistachio
14.4%
Sesame
10.8%

You're not logged in!

Compare scores with friends on all Sporcle quizzes.
OR
Log In

Sporcle TV

Today on Sporcle TV


Watch our educational content, quiz creation guides, and fun videos on Sporcle TV.

Show Comments

Extras

Top Quizzes Today


Score Distribution

Your Account Isn't Verified!

In order to create a playlist on Sporcle, you need to verify the email address you used during registration. Go to your Sporcle Settings to finish the process.

Report this User

Report this user for behavior that violates our Community Guidelines.

Details: